| 000 | 00386pab a2200145 454500 | ||
|---|---|---|---|
| 008 | 180718b2001 xxu||||| |||| 00| 0 eng d | ||
| 100 | _aSantiago, George | ||
| 245 | _aTowards excellence in outcomes assessment: the middle states approach | ||
| 260 | _c2001 | ||
| 300 | _ap.17-21 | ||
| 362 | _a3 Sep | ||
| 650 | _aEducational assessment | ||
| 773 | _aUniversity News | ||
| 909 | _a49955 | ||
| 999 |
_c49955 _d49955 |
||